000 00615nam a2200253Ia 4500
005 20260121153814.0
008 008 260114s9999 xx 000 0 eng d
020 _a9780429153648
037 _aEBOOK
040 _aCRL
040 _beng
040 _cCRL
041 _2eng
041 _aeng
084 _qCRL
100 _aJohn Buckingham; V. Ranjit N. Munasinghe
_9999338
245 0 _aDictionary of Flavonoids
260 _bTaylor and Francis
260 _c2015
856 _uhttp://www.taylorfrancis.com/books/9780429153648
942 _cEBOOK
999 _c1566159
_d1566159